Teach yourself German (Record no. 10961)
[ view plain ]
| 000 -LEADER | |
|---|---|
| fixed length control field | 00241nam a22000857a 4500 |
| 008 - FIXED-LENGTH DATA ELEMENTS--GENERAL INFORMATION | |
| fixed length control field | 180702b ||||| |||| 00| 0 eng d |
| 100 ## - MAIN ENTRY--PERSONAL NAME | |
| Personal name | Ganguly, Anand |
| 9 (RLIN) | 6763 |
| 245 ## - TITLE STATEMENT | |
| Title | Teach yourself German |
| 260 ## - PUBLICATION, DISTRIBUTION, ETC. (IMPRINT) | |
| Place of publication, distribution, etc. | German |
| Name of publisher, distributor, etc. | Learn to speak write german |
| Date of publication, distribution, etc. | 2005 |
| Withdrawn status | Lost status | Source of classification or shelving scheme | Damaged status | Koha normalized classification for sorting | Not for loan | Home library | Current library | Shelving location | Date acquired | Total Checkouts | Full call number | Barcode | Date last seen | Price effective from | Koha item type |
|---|---|---|---|---|---|---|---|---|---|---|---|---|---|---|---|
| Dewey Decimal Classification | GAN_430_000000000000000_B6 | Good Samaritan School Library | Good Samaritan School Library | German | 07/02/2018 | GAN430 B-6 | GAN3322 | 07/02/2018 | 07/02/2018 | Reference |